मूकज्जी : (Record no. 117541)

MARC details
000 -LEADER
fixed length control field 01228nam a22002897a 4500
003 - CONTROL NUMBER IDENTIFIER
control field 0
005 - DATE AND TIME OF LATEST TRANSACTION
control field 20190226152232.0
008 - FIXED-LENGTH DATA ELEMENTS--GENERAL INFORMATION
fixed length control field 0
010 ## - LIBRARY OF CONGRESS CONTROL NUMBER
LC control number B-037100
020 ## - INTERNATIONAL STANDARD BOOK NUMBER
Terms of availability 130.00
International Standard Book Number 8126305932
035 ## - SYSTEM CONTROL NUMBER
System control number B-037100,B-037102, B-037122
037 ## - SOURCE OF ACQUISITION
Source of stock number/acquisition Cen Lib/Ret
040 ## - CATALOGING SOURCE
Original cataloging agency DPL
Language of cataloging HN
Transcribing agency 0
082 ## - DEWEY DECIMAL CLASSIFICATION NUMBER
Classification number
Item number कारन्त
100 ## - MAIN ENTRY--PERSONAL NAME
Personal name कारन्त, के.शिवराम
9 (RLIN) 45673
245 ## - TITLE STATEMENT
Title मूकज्जी :
Statement of responsibility, etc के.शिवराम कारन्त
Remainder of title एक अतीन्द्रिय कथालोक /
246 ## - VARYING FORM OF TITLE
Title proper/short title Mookajji : ek ateendriy kathalok /
Remainder of title by K.Shivram Karant
250 ## - EDITION STATEMENT
Edition statement सातवाँ संस्करण
260 ## - PUBLICATION, DISTRIBUTION, ETC. (IMPRINT)
Place of publication, distribution, etc नयी दिल्ली
Name of publisher, distributor, etc भारतीय ज्ञानपीठ
Date of publication, distribution, etc 2001
270 ## - ADDRESS
City नयी दिल्ली
Address 18, इंस्टीट्यूशनल एरिया, लोदी रोड
Postal code 110003
300 ## - PHYSICAL DESCRIPTION
Extent 223पृ.
Dimensions 21सेमी(सजिल्द)
650 ## - SUBJECT ADDED ENTRY--TOPICAL TERM
Topical term or geographic name as entry element हिन्दी साहित्य
9 (RLIN) 75267
650 ## - SUBJECT ADDED ENTRY--TOPICAL TERM
Topical term or geographic name as entry element हिन्दी -- उपन्यास
9 (RLIN) 75268
650 ## - SUBJECT ADDED ENTRY--TOPICAL TERM
Topical term or geographic name as entry element Hindi literature
9 (RLIN) 75269
650 ## - SUBJECT ADDED ENTRY--TOPICAL TERM
Topical term or geographic name as entry element Hindi -- Fiction
9 (RLIN) 27248
942 ## - ADDED ENTRY ELEMENTS (KOHA)
Source of classification or shelving scheme Dewey Decimal Classification
Koha item type Hindi Books
Classification part
Call number suffix कारन्त
Holdings
Withdrawn status Lost status Damaged status Not for loan Home library Current library Date acquired Source of acquisition Cost, normal purchase price Total Checkouts Full call number Barcode Date last seen Copy number Cost, replacement price Price effective from Koha item type Public note Source of classification or shelving scheme Collection code Total Renewals Date checked out
Written off       Central Library Central Library 07/09/2015 Cen Lib/Ret 130.00   उ कारन्त B-037100 07/09/2015 1 130.00 07/09/2015 Hindi Books Written off on approval by DLB (By Circulation); dtd 20.12.2022        
        Patel Nagar Patel Nagar 01/10/2018 BPPD/PUB 130.00 3 उ कारन्त B-037102 16/03/2024   130.00 01/10/2018 Hindi Books   Dewey Decimal Classification Fiction 1 24/02/2024
        Sarojini Nagar Sarojini Nagar 28/03/2019     1 उ कारन्त B-037108 31/07/2019     28/03/2019 Hindi Books   Dewey Decimal Classification Fiction 2 17/06/2019
        Shahdara Branch Shahdara Branch 26/02/2019 BPPD/PUB 130.00   उ कारन्त B-037122 26/02/2019   130.00 26/02/2019 Hindi Books   Dewey Decimal Classification Fiction    
        Yojana Vihar Yojana Vihar 21/09/2019 BPPD/PUB 130.00   उ कारन्त B-037123 21/09/2019   130.00 21/09/2019 Hindi Books   Dewey Decimal Classification Fiction    

© Delhi Public Library
Hit Counter
free hit counter